Statistics for Pop Punk Quiz

Click here to take the quiz!

General Stats

  • This quiz has been taken 298 times
  • The average score is 5 of 10

Answer Stats

HintAnswer% Correct
Crappy punk rock since 1992Blink 182
83%
This band are very critical of the rich and famousGood Charlotte
72%
Came up with their name after spending a whole day highGreen Day
71%
One of their members is married to Hayley WilliamsNew Found Glory
45%
Wrexham 5-piece that will always have a part of meNeck Deep
42%
The ex-lead singer Matt Skiba has recently joined the first bandAlkaline Trio
40%
Took their name from one of the above's songsAll Time Low
32%
Dan 'Soupy' CampbellThe Wonder Years
27%
Always talk about their "sleepy eyes" and "boney knees"Real Friends
26%
Recently kicked a girl off stageThe Story So Far
25%

Score Distribution

Percentile by Number Answered

Percent of People with Each Score

Your Score History

You have not taken this quiz